[Event "CZE Extraliga 2019-20"]
[Site "Czech Republic"]
[Date "2020.01.26"]
[Round "6.2"]
[White "Balogh, Csaba"]
[Black "Ftacnik, Lubomir"]
[Result "1/2-1/2"]
[WhiteElo "2587"]
[BlackElo "2520"]
[Annotator "ChessBase"]
[PlyCount "126"]
[EventDate "2019.09.15"]
[EventType "team-tourn"]
[EventCountry "CZE"]
[SourceTitle "playchess.com"]
[Source "ChessBase"]
[SourceQuality "1"]
[TimeControl "40/5400+30:1800+30"]

1. e4 {[%emt 0:00:00]} c5 {[%emt 0:00:00]} 2. Nf3 {[%emt 0:00:00]} d6 {[%emt 0:00:00]} 3. d4 {[%emt 0:00:02]} cxd4 {[%emt 0:00:00]} 4. Nxd4 {[%emt 0:00:04]} Nf6 {[%emt 0:00:03]} 5. Nc3 {[%emt 0:00:08]} a6 {[%emt 0:00:07]} 6. g3 {[%emt 0:00:39]} e6 {[%emt 0:00:39]} 7. Bg2 {[%emt 0:00:27]} Be7 {[%emt 0:00:09]} 8. O-O {[%emt 0:00:54]} O-O {[%emt 0:00:12]} 9. b3 {[%emt 0:13:29]} Bd7 {[%emt 0:02:00]} 10. Bb2 {[%emt 0:08:48]} Nc6 {[%emt 0:00:26]} 11. Nce2 {[%emt 0:00:13]} Rc8 {[%emt 0:13:37]} 12. c4 {[%emt 0:04:27]} b5 {[%emt 0:02:29]} 13. cxb5 {[%emt 0:00:19]} Nxd4 {[%emt 0:00:07]} 14. Nxd4 {[%emt 0:00:10]} axb5 {[%emt 0:00:05]} 15. Qd2 {[%emt 0:00:15]} Qb6 {[%emt 0:01:21]} 16. Ba3 {[%emt 0:02:04]} Rfe8 {[%emt 0:06:17]} 17. Rfd1 {[%emt 0:11:25]} Bf8 {[%emt 0:03:59]} 18. Bb4 {[%emt 0:01:39]} h6 {[%emt 0:24:28]} 19. Qe3 {[%emt 0:09:09]} Ng4 {[%emt 0:08:36]} 20. Qe2 {[%emt 0:00:49]} Nf6 {[%emt 0:00:08]} 21. Qe3 {[%emt 0:09:28]} Ng4 {[%emt 0:00:08]} 22. Qe2 {[%emt 0:00:05]} Nf6 {[%emt 0:00:04]} 23. h3 {[%emt 0:00:13]} Rc7 {[%emt 0:14:24]} 24. Rd2 {[%emt 0:06:51]} Rec8 {[%emt 0:05:44]} 25. Rad1 {[%emt 0:01:48]} Rc1 {[%emt 0:01:32]} 26. Qe3 {[%emt 0:04:48]} Qb8 {[%emt 0:04:45]} 27. Qe1 {[%emt 0:06:57]} Rxd1 {[%emt 0:00:26]} 28. Rxd1 {[%emt 0:00:04]} Qa7 {[%emt 0:06:05]} 29. Qe2 {[%emt 0:01:38]} Qb6 {[%emt 0:00:18]} 30. Qe3 {[%emt 0:04:14]} Qb8 {[%emt 0:00:38]} 31. a3 {[%emt 0:03:24]} Rc7 {[%emt 0:02:41]} 32. Rc1 {[%emt 0:02:38]} Rxc1+ {[%emt 0:00:10]} 33. Qxc1 {[%emt 0:00:04]} Qb6 {[%emt 0:00:43]} 34. Qc3 {[%emt 0:00:26]} Ne8 {[%emt 0:00:44]} 35. Bf1 {[%emt 0:01:59]} Qb7 {[%emt 0:01:45]} 36. Qd3 {[%emt 0:02:52]} Nc7 {[%emt 0:00:45]} 37. Ba5 {[%emt 0:00:06]} d5 {[%emt 0:00:45]} 38. Bxc7 {[%emt 0:04:52]} Qxc7 {[%emt 0:00:06]} 39. exd5 {[%emt 0:00:03]} exd5 {[%emt 0:00:52]} 40. Nxb5 {[%emt 0:00:18]} Bxb5 {[%emt 0:00:54]} 41. Qxb5 {[%emt 0:30:20]} Bxa3 {[%emt 0:31:11]} 42. Qxd5 {[%emt 0:00:17]} Bc5 {[%emt 0:00:00]} 43. Kg2 {[%emt 0:00:00]} Qd6 {[%emt 0:00:00]} 44. Qa8+ {[%emt 0:00:00]} Qf8 {[%emt 0:00:00]} 45. Qf3 {[%emt 0:00:00]} g6 {[%emt 0:00:00]} 46. Bc4 {[%emt 0:00:00]} Qe7 {[%emt 0:00:00]} 47. Qf4 {[%emt 0:00:00]} Kg7 {[%emt 0:00:00]} 48. Qf3 {[%emt 0:00:00]} Qf6 {[%emt 0:00:00]} 49. Qe2 {[%emt 0:00:00]} Qc6+ {[%emt 0:00:43]} 50. Kg1 {[%emt 0:00:00]} Qd6 {[%emt 0:00:40]} 51. Kf1 {[%emt 0:00:00]} Qd4 {[%emt 0:00:31]} 52. Kg2 {[%emt 0:00:00]} h5 {[%emt 0:00:37]} 53. h4 {[%emt 0:00:00]} Qf6 {[%emt 0:00:47]} 54. Bd5 {[%emt 0:00:00]} Qd4 {[%emt 0:01:06]} 55. Bc4 {[%emt 0:02:01]} Qf6 {[%emt 0:00:41]} 56. Qd2 {[%emt 0:00:12]} Qd4 {[%emt 0:00:26]} 57. Qc2 {[%emt 0:01:41]} Kf8 {[%emt 0:00:49]} 58. Qe2 {[%emt 0:00:19]} Kg7 {[%emt 0:00:20]} 59. Kg1 {[%emt 0:00:27]} Qa1+ {[%emt 0:00:09]} 60. Kh2 {[%emt 0:00:08]} Qf6 {[%emt 0:00:11]} 61. Kg2 {[%emt 0:00:21]} Qd4 {[%emt 0:00:13]} 62. Qc2 {[%emt 0:01:42]} Kf8 {[%emt 0:00:19]} 63. Qe2 {[%emt 0:01:44]} Kg7 {[%emt 0:00:09]} 1/2-1/2

[Event "CZE Extraliga 2019-20"]
[Site "Czech Republic"]
[Date "2020.01.26"]
[Round "6.2"]
[White "LYS5 Plat Vojtech GM"]
[Black "KRO7 Gazik Viktor IM"]
[Result "1-0"]
[WhiteElo "2576"]
[BlackElo "2537"]
[Annotator "TA"]
[PlyCount "51"]
[EventDate "2019.09.15"]
[EventType "team-tourn"]
[EventCountry "CZE"]
[SourceTitle "playchess.com"]
[Source "ChessBase"]
[SourceQuality "1"]

{[%evp 10,51,29,8,22,-85,-39,-47,-50,-50,-56,-104,-98,-101,-114,-93,-73,-94,-91,-72,-89,-95,-62,-67,-66,-128,-82,-83,-63,-52,-41,-63,-49,-122,-48,-64,137,133,123,143,334,318,354,230]} 1. d4 Nf6 2. Nf3 g6 3. e3 Bg7 4. c4 c5 5. Nc3 O-O 6. d5 e6 {E61: King's Indian: Early deviations for White, including Smyslov System.} 7. d6 $5 {[%mdl 4] An interesting side line.} (7. Be2 $11 {remains equal.}) 7... Ne8 8. e4 Qb6 {Black is slightly better.} 9. e5 Nc6 $1 10. Na4 Qa6 11. Bf4 f6 12. exf6 Rxf6 13. Bd2 Rxf3 ({Reject} 13... Nxd6 $6 14. Nxc5 Qb6 15. Na4 $11) 14. gxf3 {[#]} b6 $1 15. Nc3 Nd4 {And now ...Bb7 would win.} 16. h4 $1 Nxd6 17. h5 (17. Rh3 $1 $15) 17... Bb7 18. Rh3 Rf8 {[%cal Rb7f3]} 19. f4 $1 N6f5 20. hxg6 hxg6 21. f3 (21. Rc1 $15) 21... Bf6 ({Black should try} 21... Bc6 $17 22. Bd3 d5) 22. Kf2 $15 Nxf3 $2 (22... Bc6 $15 {keeps the upper hand.}) 23. Rxf3 $16 {[#] Black must now prevent Rh3.} Bd4+ 24. Ke1 {Hoping for Rh3.} e5 $2 (24... Bxf3 $16 25. Qxf3 Kf7) 25. Rh3 $18 {Strongly threatening Nb5.} exf4 26. Qg4 {Accuracy: White = 64%, Black = 56%.} 1-0

[Event "CZE Extraliga 2019-20"]
[Site "Czech Republic"]
[Date "2020.01.26"]
[Round "6.2"]
[White "Plat, Vojtech"]
[Black "Gazik, Viktor"]
[Result "1-0"]
[WhiteElo "2576"]
[BlackElo "2537"]
[Annotator "TA"]
[PlyCount "51"]
[EventDate "2019.09.15"]
[EventType "team-tourn"]
[EventCountry "CZE"]
[SourceTitle "playchess.com"]
[Source "ChessBase"]
[SourceQuality "1"]

{[%evp 10,51,20,22,44,-83,-40,-57,-63,-81,-113,-117,-115,-94,-102,-114,-68,-96,-66,-62,-71,-91,-64,-59,-51,-112,-62,-59,-64,-58,-84,-64,-56,-137,-51,-68,151,131,129,123,348,350,367,275]} 1. d4 Nf6 2. Nf3 g6 3. e3 Bg7 4. c4 c5 5. Nc3 O-O 6. d5 e6 {E61: King's Indian: Early deviations for White, including Smyslov System.} 7. d6 $5 {[%mdl 4] A promising side line.} (7. Bd3 $14) 7... Ne8 8. e4 Qb6 {Black is slightly better.} 9. e5 {[#]} Nc6 $1 {[#]} 10. Na4 $146 ({Predecessor:} 10. Bf4 f6 11. exf6 Qxb2 12. Rc1 Rxf6 13. Rc2 Qa3 14. Nb1 Qa5+ 15. Bd2 Qb6 16. Bc3 {0-1 (40) Harra,H-Oechslein,R GER email 2003}) 10... Qa6 11. Bf4 f6 12. exf6 Rxf6 13. Bd2 Rxf3 ({Much worse is} 13... Nxd6 14. Nxc5 Qb6 15. Na4 $11) 14. gxf3 b6 $1 15. Nc3 Nd4 {Hoping for ...Bb7.} 16. h4 $1 Nxd6 17. h5 (17. Rh3 $15) 17... Bb7 18. Rh3 $1 Rf8 19. f4 $1 N6f5 20. hxg6 hxg6 21. f3 (21. Be3 $1 $15) 21... Bf6 (21... Bc6 $17 22. Bd3 d5) 22. Kf2 $15 Nxf3 $2 (22... Bc6 $15 {keeps the upper hand.}) 23. Rxf3 $16 Bd4+ 24. Ke1 {[#] Rh3 is the strong threat.} e5 $2 (24... Bxf3 $16 {was worth a try.} 25. Qxf3 Kf7) 25. Rh3 $18 exf4 26. Qg4 {Accuracy: White = 66%, Black = 49%.} 1-0

[Event "CZE Extraliga 2019-20"]
[Site "Czech Republic"]
[Date "2020.01.26"]
[Round "6.2"]
[White "DUR3 Shengelia David GM"]
[Black "PAR4 Hracek Zbynek GM"]
[Result "1/2-1/2"]
[WhiteElo "2531"]
[BlackElo "2572"]
[Annotator "TA"]
[PlyCount "62"]
[EventDate "2019.09.15"]
[EventType "team-tourn"]
[EventCountry "CZE"]
[SourceTitle "playchess.com"]
[Source "ChessBase"]
[SourceQuality "1"]

{[%evp 11,62,0,4,0,-7,-2,5,-10,-7,-10,0,0,0,0,4,0,0,-10,0,0,0,-10,-16,-143,-143,-138,-136,-170,-157,-248,-246,-248,-250,-255,-179,-194,-112,-125,-122,-118,-104,-104,-73,-120,-116,-99,0,0,0,0,0,0,0]} 1. d4 Nf6 2. c4 e6 3. Nc3 Bb4 4. e3 O-O 5. Nf3 d5 6. Bd2 Nbd7 7. Qc2 {7.Rc1 is setting a new trend. E51: Nimzo-Indian: Rubinstein: 4...0-0 5 Nf3 d5.} b6 8. cxd5 exd5 9. a3 Be7 10. Bd3 Bb7 11. Ne5 c5 12. f4 Rc8 13. Nxd7 Nxd7 14. Bxh7+ Kh8 15. Bd3 cxd4 16. exd4 Bf6 $36 {[%mdl 2048] Black has some pressure.} 17. Be3 (17. O-O-O $11) 17... Re8 $1 $17 {[%csl LRd4,LRe3]} 18. Kf2 {[#]} Rxe3 $1 {[%mdl 512]} 19. Kxe3 {[#]} Bxd4+ $1 {[%mdl 512]} 20. Kd2 (20. Kxd4 $17 Qf6+ {[%mdl 64] Double Attack} 21. Ke3 d4+ {[%mdl 64] Double Attack} 22. Kf2 dxc3 23. Rhe1 Qxf4+ 24. Kg1 Qd4+ 25. Kh1) 20... Bxc3+ $19 21. bxc3 d4 $1 22. c4 Qf6 23. Rhf1 {[#]} Bxg2 (23... Nc5 $1 $19 24. Rae1 Bxg2) 24. Rf2 $17 Bc6 {White must now prevent ...Qh4.} 25. Qd1 Qh4 26. Qg1 Nc5 {Hoping for ...Be4.} 27. Re1 Nxd3 ({Stronger than} 27... Qh3 28. Qg3 $14) 28. Kxd3 Qh3+ (28... f5 $17 29. Rfe2 Be4+ 30. Rxe4 fxe4+ 31. Rxe4 Qh3+ 32. Qg3 Qf1+ 33. Kd2 Qxc4 34. Qh3+ Kg8 35. Qe6+ Qxe6 36. Rxe6 Rc3) 29. Qg3 $11 {The position is equal.} Qf5+ 30. Kd2 {And now Re5 would win.} Qa5+ 31. Kc2 $1 {Threatens to win with Qh3+.} Bd7 {Accuracy: White = 80%, Black = 81%.} (31... Qxe1 $5 32. Qh3+ $8 Kg8 33. Qxc8+ {[%mdl 64] Double Attack} Kh7 34. Qh3+ Kg8 35. Qc8+ {[%mdl 64] Double Attack} Kh7 36. Qh3+ Kg8 37. Qc8+ $11 {[%mdl 64] Double Attack}) 1/2-1/2

[Event "CZE Extraliga 2019-20"]
[Site "Czech Republic"]
[Date "2020.01.26"]
[Round "6.2"]
[White "Shengelia, David"]
[Black "Hracek, Zbynek"]
[Result "1/2-1/2"]
[WhiteElo "2531"]
[BlackElo "2572"]
[Annotator "TA"]
[PlyCount "62"]
[EventDate "2019.09.15"]
[EventType "team-tourn"]
[EventCountry "CZE"]
[SourceTitle "playchess.com"]
[Source "ChessBase"]
[SourceQuality "1"]

{[%evp 11,62,-2,6,5,1,-2,8,2,0,-12,0,0,0,-12,8,0,0,0,0,-14,-9,0,0,-141,-145,-184,-168,-137,-140,-272,-200,-233,-153,-177,-150,-162,-112,-135,-122,-116,-116,-116,-118,-100,-113,-79,0,0,0,0,0,0,0]} 1. d4 Nf6 2. c4 e6 3. Nc3 Bb4 4. e3 O-O 5. Nf3 d5 6. Bd2 Nbd7 7. Qc2 {7.Rc1 is a critical line. E51: Nimzo-Indian: Rubinstein: 4...0-0 5 Nf3 d5.} b6 8. cxd5 exd5 9. a3 Be7 10. Bd3 Bb7 {[#]} 11. Ne5 $146 ({Predecessor:} 11. O-O c5 12. b3 Rc8 13. Bf5 g6 14. Bh3 a6 15. Ne5 Rc7 16. Nxd7 Nxd7 17. a4 Nf6 18. Rfd1 cxd4 19. exd4 Ne4 {½-½ (19) Cairns,S (2109)-Connor,S (2069) England 2011}) 11... c5 12. f4 Rc8 13. Nxd7 Nxd7 14. Bxh7+ Kh8 15. Bd3 cxd4 16. exd4 Bf6 $36 {[%mdl 2048] Black has the initiative.} 17. Be3 (17. O-O-O $11) 17... Re8 $1 $17 {[%csl LRd4,LRe3]} 18. Kf2 {[#]} Rxe3 $1 {[%mdl 512]} 19. Kxe3 {[#]} Bxd4+ $1 {[%mdl 512]} 20. Kd2 (20. Kxd4 $17 Qf6+ {[%mdl 64] Double Attack} 21. Ke3 d4+ {[%mdl 64] Double Attack} 22. Kf2 dxc3 23. Rhe1 Qxf4+ 24. Kg1 Qd4+ 25. Kh1) 20... Bxc3+ 21. bxc3 d4 $1 22. c4 Qf6 23. Rhf1 Bxg2 {...Nc5 is the strong threat.} 24. Rf2 Bc6 {Hoping for ...Nc5.} 25. Qd1 Qh4 26. Qg1 Nc5 {Strongly threatening ...Be4.} 27. Re1 Nxd3 ({Weaker is} 27... Qh3 28. Qg3 $14) 28. Kxd3 Qh3+ (28... f5 $17 {Threatens to win with ...Be4+.} 29. Rfe2 Be4+ 30. Rxe4 fxe4+ 31. Rxe4 Qh3+ 32. Qg3 Qf1+ 33. Kd2 Qxc4 34. Qh3+ Kg8 35. Qe6+ Qxe6 36. Rxe6 Rc3) 29. Qg3 $11 {The position is equal.} Qf5+ 30. Kd2 Qa5+ 31. Kc2 $1 {Black must now prevent Qh3+.} Bd7 {Accuracy: White = 78%, Black = 85%.} (31... Qxe1 $5 32. Qh3+ $8 Kg8 33. Qxc8+ {[%mdl 64] Double Attack} Kh7 34. Qh3+ Kg8 35. Qc8+ {[%mdl 64] Double Attack} Kh7 36. Qh3+ Kg8 37. Qc8+ $11 {[%mdl 64] Double Attack}) 1/2-1/2

[Event "CZE Extraliga 2019-20"]
[Site "Czech Republic"]
[Date "2020.01.26"]
[Round "6.2"]
[White "Jakubiec, Artur"]
[Black "Cernousek, Lukas"]
[Result "1/2-1/2"]
[WhiteElo "2472"]
[BlackElo "2458"]
[Annotator "ChessBase"]
[PlyCount "30"]
[EventDate "2019.09.15"]
[EventType "team-tourn"]
[EventCountry "CZE"]
[SourceTitle "playchess.com"]
[Source "ChessBase"]
[SourceQuality "1"]
[TimeControl "40/5400+30:1800+30"]

1. e4 {[%emt 0:00:00]} e5 {[%emt 0:00:00]} 2. Nf3 {[%emt 0:00:09]} Nf6 {[%emt 0:00:00]} 3. d3 {[%emt 0:01:15]} Nc6 {[%emt 0:00:16]} 4. c3 {[%emt 0:00:27]} d5 {[%emt 0:00:24]} 5. Nbd2 {[%emt 0:00:08]} a5 {[%emt 0:00:27]} 6. Be2 {[%emt 0:00:21]} Bc5 {[%emt 0:00:05]} 7. O-O {[%emt 0:00:12]} O-O {[%emt 0:00:06]} 8. Qc2 {[%emt 0:12:32]} Re8 {[%emt 0:08:52]} 9. h3 {[%emt 0:08:37]} h6 {[%emt 0:14:55]} 10. Nh2 {[%emt 0:10:50]} a4 {[%emt 0:14:28]} 11. Re1 {[%emt 0:04:27]} Be6 {[%emt 0:01:35]} 12. Ndf1 {[%emt 0:03:11]} d4 {[%emt 0:14:09]} 13. Ng3 {[%emt 0:02:10]} Bb6 {[%emt 0:07:31]} 14. c4 {[%emt 0:06:59]} a3 {[%emt 0:00:21]} 15. bxa3 {[%emt 0:08:54]} Bc5 {[%emt 0:00:30]} 1/2-1/2

[Event "CZE Extraliga 2019-20"]
[Site "Czech Republic"]
[Date "2020.01.26"]
[Round "6.3"]
[White "Votava, Jan"]
[Black "Blohberger, Felix"]
[Result "1/2-1/2"]
[WhiteElo "2521"]
[BlackElo "2445"]
[Annotator "TA"]
[PlyCount "119"]
[EventDate "2019.09.15"]
[EventType "team-tourn"]
[EventCountry "CZE"]
[SourceTitle "playchess.com"]
[Source "ChessBase"]
[SourceQuality "1"]

{[%evp 18,119,15,-2,20,32,37,36,35,33,38,36,22,13,18,10,18,14,21,9,30,-8,0,-8,36,17,31,36,50,26,105,15,108,73,73,63,87,79,133,52,72,43,35,35,37,32,27,12,12,12,12,21,23,-3,-2,-2,-1,-1,-8,0,0,-8,0,0,0,-8,-8,-8,-8,-8,0,-8,-8,-8,-8,-8,-8,-8,-8,-8,-8,-8,-8,-8,-8,-8,-8,-8,-8,-8,-8,-8,-8,-8,0,-8,-8,-8,-8,-8,-8,-8,-8,-8]} 1. d4 Nf6 2. c4 g6 3. Nc3 Bg7 4. e4 d6 5. f3 O-O 6. Be3 c5 7. dxc5 dxc5 8. Qxd8 Rxd8 9. Bxc5 Nc6 10. Be3 b6 {E81: King's Indian: Sämisch: 6th move deviations (including 6 Be3 c6).} 11. Rc1 Nd7 12. Nge2 Nc5 {[#] Strongly threatening ...Nd3+.White is slightly better.} 13. Nf4 $1 {[#]} Ne5 $146 ({Predecessor:} 13... Ba6 14. Nfd5 e6 15. Nc7 Rac8 16. Nxa6 Nxa6 17. f4 Nc5 18. e5 g5 19. g3 gxf4 20. gxf4 {½-½ (35) Edouard,R (2639)-Shyam,S (2526) Biel 2016}) 14. Be2 g5 15. Bxc5 bxc5 16. Nh5 Bh8 $1 17. h4 h6 18. hxg5 hxg5 19. Nd5 Nc6 20. Rd1 Kf8 21. b3 Rb8 22. f4 gxf4 23. Nhxf4 Be5 (23... Bd4 $1 $11 {remains equal.}) 24. Rf1 (24. Nd3 $16 Bd4 25. N5f4) 24... Ke8 (24... e6 $11 {keeps the balance.}) 25. Bh5 e6 26. Ne3 Rxd1+ 27. Kxd1 Bd4 {[#]} (27... Rb7 $142) 28. Ke2 (28. Nc2 $1 $16) 28... Ke7 29. Nd3 f6 30. Nc2 a5 $1 31. Nxd4 cxd4 32. e5 Nxe5 33. Nxe5 fxe5 $11 {[%mdl 4096] Endgame KRB-KRB} 34. Rf7+ Kd6 35. Bf3 a4 {The position is equal.} 36. Kd2 ({But not} 36. bxa4 Ba6 $17) 36... axb3 37. axb3 e4 $1 {[%cal Re4f3]} 38. Bxe4 Rxb3 39. c5+ Ke5 40. Bf3 Ba6 41. c6 Rd3+ 42. Ke1 {Ra7 is the strong threat.} Rc3 43. g4 Bb5 44. c7 Kd6 45. g5 $1 Rxc7 46. Rxc7 Kxc7 {KB-KB} 47. g6 $132 {[%mdl 2048] Black must now prevent g7. White puts up resistance} Bc4 48. Be2 Bd5 49. Kd2 e5 50. Kd3 Kd6 51. g7 Bg8 52. Bf3 Ke6 53. Bg4+ Kd5 {aiming for ...e4+.} 54. Bf5 Kd6 55. Ke4 Ba2 56. Bg6 Bd5+ 57. Kf5 $1 d3 58. Bh5 d2 (58... Bg8 $5) 59. Bd1 Bg8 {And now ...Kd5 would win.} 60. Ke4 {Accuracy: White = 81%, Black = 86%.} 1/2-1/2

[Event "CZE Extraliga 2019-20"]
[Site "Czech Republic"]
[Date "2020.01.26"]
[Round "6.3"]
[White "Antoniewski, Rafal"]
[Black "Laznicka, Viktor"]
[Result "1/2-1/2"]
[WhiteElo "2497"]
[BlackElo "2667"]
[Annotator "TA"]
[PlyCount "36"]
[EventDate "2019.09.15"]
[EventType "team-tourn"]
[EventCountry "CZE"]
[SourceTitle "playchess.com"]
[Source "ChessBase"]
[SourceQuality "1"]

{[%evp 13,36,20,36,22,42,29,47,34,41,38,31,7,12,4,29,10,27,32,31,30,35,16,21,21,43]} 1. d4 d5 2. c4 c6 3. Nf3 Nf6 4. e3 a6 5. Bd3 Bg4 6. Nbd2 e6 7. Qc2 Nbd7 8. b3 {D11: Slav Defence: 3 Nf3 sidelines and 3...Nf6 4 e3 Bg4} Be7 (8... Bd6 9. Bb2 Bh5 10. h3 Bg6 11. O-O Qe7 12. e4 dxe4 13. Nxe4 Nxe4 14. Bxe4 Bxe4 15. Qxe4 {½-½ (20) Ponomariov,R (2687)-Fressinet,L (2657) Heraklio 2017}) 9. Bb2 Bh5 10. h3 {White is slightly better.} Rc8 $146 ({Predecessor:} 10... b5 11. c5 Qc7 12. b4 Bg6 13. O-O O-O {1-0 (63) Cirulli,D (2074)-Tenti,J (2125) La Plata 2008}) 11. c5 Bg6 12. b4 Bxd3 13. Qxd3 O-O 14. O-O Qc7 15. Bc3 Ra8 16. Rfb1 Rfb8 17. a4 h6 18. Qc2 Qc8 {Accuracy: White = 44%, Black = 36%.} 1/2-1/2

[Event "CZE Extraliga 2019-20"]
[Site "Czech Republic"]
[Date "2020.01.26"]
[Round "6.3"]
[White "BSS5 Antoniewski Rafal GM"]
[Black "NOV6 Laznicka Viktor GM"]
[Result "1/2-1/2"]
[WhiteElo "2497"]
[BlackElo "2667"]
[Annotator "TA"]
[PlyCount "36"]
[EventDate "2019.09.15"]
[EventType "team-tourn"]
[EventCountry "CZE"]
[SourceTitle "playchess.com"]
[Source "ChessBase"]
[SourceQuality "1"]

{[%evp 13,36,7,27,27,41,39,43,42,47,39,32,5,6,6,30,11,30,31,32,28,29,22,31,32,41]} 1. d4 d5 2. c4 c6 3. Nf3 Nf6 4. e3 a6 5. Bd3 Bg4 6. Nbd2 e6 7. Qc2 Nbd7 8. b3 {D11: Slav Defence: 3 Nf3 sidelines and 3...Nf6 4 e3 Bg4.} Be7 9. Bb2 Bh5 10. h3 Rc8 11. c5 Bg6 12. b4 Bxd3 13. Qxd3 O-O 14. O-O Qc7 15. Bc3 Ra8 16. Rfb1 Rfb8 17. a4 h6 18. Qc2 Qc8 {Accuracy: White = 90%, Black = 100%.} 1/2-1/2

[Event "CZE Extraliga 2019-20"]
[Site "Czech Republic"]
[Date "2020.01.26"]
[Round "6.3"]
[White "KRO8 Malinovsky Karel IM"]
[Black "LYS6 Yemelin Vasily GM"]
[Result "1-0"]
[WhiteElo "2478"]
[BlackElo "2545"]
[Annotator "ChessBase"]
[PlyCount "57"]
[EventDate "2019.09.15"]
[EventType "team-tourn"]
[EventCountry "CZE"]
[SourceTitle "playchess.com"]
[Source "ChessBase"]
[SourceQuality "1"]
[TimeControl "40/5400+30:1800+30"]

1. e4 {[%emt 0:00:00]} e5 {[%emt 0:00:00]} 2. Nf3 {[%emt 0:00:00]} Nc6 {[%emt 0:00:00]} 3. Bb5 {[%emt 0:00:00]} Nf6 {[%emt 0:00:30]} 4. O-O {[%emt 0:00:42]} Nxe4 {[%emt 0:00:06]} 5. Re1 {[%emt 0:01:20]} Nd6 {[%emt 0:00:09]} 6. Nxe5 {[%emt 0:00:08]} Be7 {[%emt 0:00:05]} 7. Bf1 {[%emt 0:00:32]} O-O {[%emt 0:05:52]} 8. Nf3 {[%emt 0:01:33]} Nf5 {[%emt 0:07:01]} 9. d4 {[%emt 0:01:35]} d5 {[%emt 0:00:06]} 10. Nc3 {[%emt 0:00:31]} Nh4 {[%emt 0:10:58]} 11. Nxh4 {[%emt 0:15:52]} Bxh4 {[%emt 0:00:46]} 12. Ne2 {[%emt 0:06:09]} Ne7 {[%emt 0:26:20]} 13. g3 {[%emt 0:09:31]} Bf6 {[%emt 0:00:21]} 14. Nf4 {[%emt 0:00:07]} Nf5 {[%emt 0:08:35]} 15. c3 {[%emt 0:02:38]} c6 {[%emt 0:00:08]} 16. Bd3 {[%emt 0:06:47]} Nd6 {[%emt 0:02:42]} 17. Qf3 {[%emt 0:14:27]} g6 {[%emt 0:12:46]} 18. b3 {[%emt 0:10:55]} Re8 {[%emt 0:18:33]} 19. Ba3 {[%emt 0:04:39]} Be7 {[%emt 0:01:03]} 20. Re5 {[%emt 0:06:41]} Bf8 {[%emt 0:03:19]} 21. Rae1 {[%emt 0:04:32]} Bd7 {[%emt 0:00:37]} 22. c4 {[%emt 0:06:44]} dxc4 {[%emt 0:00:16]} 23. bxc4 {[%emt 0:00:28]} Rxe5 {[%emt 0:00:35]} 24. Rxe5 {[%emt 0:00:15]} Qf6 {[%emt 0:00:36]} 25. Qe2 {[%emt 0:02:11]} Nb5 {[%emt 0:00:32]} 26. Bb2 {[%emt 0:01:21]} Nc7 {[%emt 0:00:22]} 27. d5 {[%emt 0:00:55]} Qd6 {[%emt 0:00:34]} 28. Nh5 {[%emt 0:01:03]} Re8 {[%emt 0:00:00]} 29. Nf6+ 1-0

[Event "CZE Extraliga 2019-20"]
[Site "Czech Republic"]
[Date "2020.01.26"]
[Round "6.3"]
[White "Kraus, Tomas"]
[Black "Stocek, Jiri"]
[Result "1/2-1/2"]
[WhiteElo "2473"]
[BlackElo "2569"]
[Annotator "TA"]
[PlyCount "104"]
[EventDate "2019.09.15"]
[EventType "team-tourn"]
[EventCountry "CZE"]
[SourceTitle "playchess.com"]
[Source "ChessBase"]
[SourceQuality "1"]

{[%evp 20,104,42,33,67,81,84,44,49,39,69,63,66,47,75,82,80,86,92,75,77,0,89,88,103,81,101,76,67,56,130,101,98,80,94,-58,-45,-71,79,24,18,0,39,35,150,156,158,120,203,160,162,128,134,116,138,122,122,122,116,108,187,181,172,94,80,104,105,36,69,111,131,118,118,106,121,8,8,0,0,0,0,0,0,0,2,0,0]} 1. d4 Nf6 2. Nf3 d6 3. c4 g6 4. g3 Bg7 5. Bg2 O-O 6. Nc3 Nbd7 7. O-O e5 8. Qc2 Re8 9. Rd1 exd4 10. Nxd4 c6 11. b3 Ne5 {E67: King's Indian: Fianchetto: 6...Nbd7.} 12. h3 {[#]} h5 $146 ({Predecessor:} 12... Bd7 13. Rb1 Qc8 14. Kh2 h6 15. f4 Neg4+ 16. hxg4 Nxg4+ 17. Kg1 c5 18. Ndb5 Bxb5 19. Nxb5 {1-0 (28) Khan,M (1974)-Md Azizul,H (1590) Dhaka 2016}) 13. f4 Ned7 {White is slightly better.} 14. e4 Qc7 15. Be3 Nc5 16. Bf2 a5 17. Re1 Bd7 18. Rad1 Rad8 19. Nf3 Nh7 20. Nd4 Nf6 $1 21. a3 Qc8 22. Kh2 h4 23. Nde2 hxg3+ 24. Nxg3 Ne6 (24... Qb8 $14) 25. Nce2 Qc7 26. f5 Nf8 27. Be3 $2 (27. Bd4 $16) 27... Bxf5 $1 $15 28. Bf4 g5 (28... Be6 $17) 29. Bxg5 (29. Nxf5 $16 gxf4 30. Rg1 (30. Nxf4 d5 $15)) 29... Bg6 $11 30. Rf1 N8h7 31. Bf4 $1 Qe7 {[#]} (31... Qc8 $14) 32. Nd4 $1 $16 d5 33. Ndf5 Qxa3 (33... Qc5 $16 {is a better defense.}) 34. cxd5 cxd5 35. exd5 Rc8 36. Qf2 {Threatens to win with d6.} Qxb3 37. d6 Rc2 38. Rd2 Rxd2 39. Qxd2 {Strongly threatening Bh6.} Qb5 (39... Qb4 $16) 40. Bh6 $18 Bxf5 41. Rxf5 ({Better is} 41. Nxf5 $18 Qe5+ 42. Kg1) 41... Bxh6 $16 42. Qxh6 (42. Rxb5 $2 {too greedy.} Bxd2 43. Nf5 Bf4+ 44. Kg1 Re5 $19) 42... Qb2 {[#]} 43. Rxa5 (43. Nh5 $1 $16 Nxh5 44. Qxh5 (44. Rxh5 Qg7 $16)) 43... b5 44. Qf4 $1 Nf8 45. Qg5+ $40 {[%mdl 192] Double Attack. White has strong attack.} Ng6 46. Rxb5 Qd4 47. Rf5 (47. Nf5 $16 Qf4+ 48. Qxf4 Nxf4 49. Bf3) 47... Re6 $11 {The position is equal.} 48. Rf1 {And now Nf5 would win.} Qxd6 49. Kh1 Nh7 50. Qg4 Nf6 51. Qg5 Nh7 52. Qg4 Nf6 {Blacks defense is rewarded with a draw. Accuracy: White = 72%, Black = 65%.} 1/2-1/2